000 00411nam a2200145Ia 4500
008 230312s9999||||xx |||||||||||||| ||und||
082 _a519-5
_bCHA-I
100 _aKamal .Dr Shahid
245 0 _aIntroduction to Statistical Theory
260 _bIlmi Kitab Khana
_aLahore
300 _a431
546 _aEng.
650 _aEconomics
_vSurvey Sampling and Sampling Distrbutions.Statistical Inference
942 _cBK
999 _c2145
_d2145